[Event "Oberliga Nord N 9899"]
[Site "Germany"]
[Date "1999.??.??"]
[Round "?"]
[White "Kunsztowicz, Uwe Wilhelm"]
[Black "Bokelbrink, Uwe"]
[Result "0-1"]
[WhiteElo "2300"]
[BlackElo "2265"]
[PlyCount "92"]
[EventDate "1998.10.??"]
[EventType "team"]
[EventRounds "9"]
[EventCountry "GER"]
[SourceTitle "EXT 2000"]
[Source "ChessBase"]
[SourceDate "1999.11.16"]
[SourceVersion "1"]
[SourceVersionDate "1999.11.16"]
[SourceQuality "1"]

1. c4 g6 2. d4 c5 3. dxc5 Bg7 4. g3 Nf6 5. Nc3 Qa5 6. Bg2 Qxc5 7. Qa4 Ng4 8. Ne4 Qf5 9. Nh3 Nc6 10. Nf4 Qa5+ 11. Qxa5 Nxa5 12. Nd5 Rb8 13. Bg5 f6 14. Bf4 Ne5 15. Rc1 Nac6 16. c5 0-0 17. Bxe5 fxe5 18. e3 e6 19. Ndc3 b6 20. 0-0 Nb4 21. Rfd1 bxc5 22. Nxc5 d5 23. a3 Na6 24. Nxa6 Bxa6 25. Na4 d4 26. exd4 exd4 27. f4 e5 28. fxe5 Bxe5 29. Nc5 Be2 30. Rd2 d3 31. b4 Bd4+ 32. Kh1 Be3 33. Rcd1 Bxd2 34. Rxd2 Rfd8 35. Kg1 Kf7 36. Kf2 Kf6 37. Ke3 Ke5 38. Bf3 Bxf3 39. Kxf3 h5 40. Ke3 Kf6 41. Nxd3 Re8+ 42. Kd4 Rbd8+ 43. Kc3 Kg7 44. a4 Re4 45. Rb2 Rc8+ 46. Nc5 a5 0-1

[Event "Oberliga Nord N 9899"]
[Site "Germany"]
[Date "1999.??.??"]
[Round "?"]
[White "Kunsztowicz, Uwe Wilhelm"]
[Black "Salov, Sergej"]
[Result "1-0"]
[WhiteElo "2300"]
[BlackElo "2305"]
[PlyCount "99"]
[EventDate "1998.10.??"]
[EventType "team"]
[EventRounds "9"]
[EventCountry "GER"]
[SourceTitle "EXT 2000"]
[Source "ChessBase"]
[SourceDate "1999.11.16"]
[SourceVersion "1"]
[SourceVersionDate "1999.11.16"]
[SourceQuality "1"]

1. g3 e5 2. c4 Nf6 3. Bg2 d6 4. Nc3 g6 5. e3 Bg7 6. Nge2 0-0 7. 0-0 Re8 8. d4 Nbd7 9. b4 e4 10. Qc2 Qe7 11. a4 c6 12. Ba3 h5 13. b5 Nf8 14. a5 a6 15. bxc6 bxc6 16. Na4 Ra7 17. Rab1 h4 18. Nb6 Bf5 19. Qa4 h3 20. Bh1 Rb7 21. Qb4 Rd8 22. Nf4 N8h7 23. Rfc1 Ng5 24. Qe1 Nf3+ 25. Bxf3 exf3 26. Rb3 Re8 27. Qf1 Ne4 28. Rb2 g5 29. Nd3 Nf6 30. Nb4 Ng4 31. Rb3 Qf6 32. Nxa6 Rbe7 33. Rcc3 Nxf2 34. Qxf2 Qxd4 35. exd4 Re1+ 36. Qxe1 Rxe1+ 37. Kf2 Rh1 38. Kxf3 Bxd4 39. Rd3 g4+ 40. Kf4 Rf1+ 41. Kg5 Bg7 42. Rxd6 f6+ 43. Kh4 Rf2 44. Rb2 Rf3 45. Rd8+ Kf7 46. Bb4 Be6 47. Nc7 f5 48. Nxe6 Bxb2 49. Ng5+ Kg6 50. Rd6+ 1-0

[Event "Oberliga Nord N 9899"]
[Site "Germany"]
[Date "1999.??.??"]
[Round "?"]
[White "Zieher, Hartmut"]
[Black "Kunsztowicz, Uwe Wilhelm"]
[Result "1-0"]
[WhiteElo "2210"]
[BlackElo "2300"]
[PlyCount "119"]
[EventDate "1998.10.??"]
[EventType "team"]
[EventRounds "9"]
[EventCountry "GER"]
[SourceTitle "EXT 2000"]
[Source "ChessBase"]
[SourceDate "1999.11.16"]
[SourceVersion "1"]
[SourceVersionDate "1999.11.16"]
[SourceQuality "1"]

1. e4 c5 2. c4 Nc6 3. Ne2 Nf6 4. Nbc3 e6 5. d4 cxd4 6. Nxd4 Bb4 7. Nxc6 dxc6 8. Qxd8+ Kxd8 9. e5 Ng4 10. f4 b6 11. h3 Nh6 12. g4 Kc7 13. Bd2 Bxc3 14. Bxc3 c5 15. Bg2 Bb7 16. Bxb7 Kxb7 17. Rd1 Rhd8 18. Ke2 Ng8 19. Ke3 Kc7 20. Rd6 Rd7 21. Rhd1 Rad8 22. f5 Ne7 23. f6 gxf6 24. Rxd7+ Rxd7 25. Rxd7+ Kxd7 26. exf6 Ng6 27. Ke4 Kd6 28. Be1 Nf8 29. h4 h5 30. Bg3+ Kc6 31. gxh5 Nh7 32. Be5 a6 33. b3 Kd7 34. a3 Kc6 35. Bc3 a5 36. Ke5 Kd7 37. b4 cxb4 38. axb4 axb4 39. Bxb4 Kc6 40. Be7 Kd7 41. Bb4 Kc6 42. Be7 Kd7 43. Kd4 Kc6 44. Kc3 b5 45. cxb5+ Kxb5 46. Kd4 Kc6 47. Kc4 e5 48. h6 e4 49. Kd4 e3 50. Kxe3 Kd5 51. Kf4 Kd4 52. Kf5 Ke3 53. Ba3 Kf3 54. Bc1 Nf8 55. Bg5 Kg3 56. Ke5 Kg4 57. Kd6 Ng6 58. Kd7 Kf5 59. Ke8 Ke6 60. h7 1-0

[Event "Oberliga Nord N 9899"]
[Site "Germany"]
[Date "1998.??.??"]
[Round "?"]
[White "Kunsztowicz, Uwe Wilhelm"]
[Black "Storm, Roland"]
[Result "1/2-1/2"]
[WhiteElo "2300"]
[BlackElo "2280"]
[PlyCount "134"]
[EventDate "1998.10.??"]
[EventType "team"]
[EventRounds "9"]
[EventCountry "GER"]
[SourceTitle "EXT 2000"]
[Source "ChessBase"]
[SourceDate "1999.11.16"]
[SourceVersion "1"]
[SourceVersionDate "1999.11.16"]
[SourceQuality "1"]

1. g3 d5 2. Bg2 e6 3. c4 f5 4. Nf3 c6 5. b3 Be7 6. Bb2 Bf6 7. Ne5 Nd7 8. f4 Ne7 9. Qc2 Nxe5 10. fxe5 Bg5 11. e3 0-0 12. Nc3 Ng6 13. Ne2 b6 14. h4 Be7 15. Rc1 Bd7 16. cxd5 cxd5 17. Qc7 Bc5 18. Qxd8 Rfxd8 19. a3 Rac8 20. Kf2 Be7 21. h5 Nf8 22. Nd4 Kf7 23. Bf3 Rxc1 24. Rxc1 Rc8 25. Rxc8 Bxc8 26. Nc6 a6 27. g4 Bh4+ 28. Ke2 Bd7 29. Nb8 Bb5+ 30. d3 fxg4 31. Bxg4 Nd7 32. Nxd7 Bxd7 33. Bd4 Bd8 34. Kf3 Bb5 35. e4 Bc6 36. Kf4 dxe4 37. dxe4 Bb5 38. Bd1 Bc7 39. a4 Bc6 40. Be2 b5 41. axb5 Bxb5 42. Bg4 Bd3 43. b4 a5 44. bxa5 Bxa5 45. Be3 Bc3 46. Bc1 Bc4 47. Be3 g6 48. Bc1 h6 49. hxg6+ Kxg6 50. Bd1 Bb4 51. Ba4 Be7 52. Be8+ Kg7 53. Kf3 Bb3 54. Bd2 Bd1+ 55. Kg3 h5 56. Be3 Bd8 57. Bd2 h4+ 58. Kg2 Bg4 59. Bc1 Ba5 60. Kf1 Bf3 61. Bc6 Bb6 62. Bg5 h3 63. Bf4 Be3 64. Bh2 Kg6 65. Bd7 Bg4 66. Bg3 Kg5 67. Bc8 Kg6 1/2-1/2

[Event "Oberliga Nord N 9697"]
[Site "Germany"]
[Date "1997.??.??"]
[Round "?"]
[White "Stern, Rene"]
[Black "Kunsztowicz, Uwe Wilhelm"]
[Result "1-0"]
[WhiteElo "2445"]
[BlackElo "2355"]
[PlyCount "63"]
[EventDate "1996.10.??"]
[EventType "team"]
[EventRounds "9"]
[EventCountry "GER"]
[SourceTitle "EXT 1998"]
[Source "ChessBase"]
[SourceDate "1997.11.17"]
[SourceVersion "1"]
[SourceVersionDate "1997.11.17"]
[SourceQuality "1"]

1. d4 c5 2. d5 Nf6 3. Nc3 d6 4. e4 g6 5. Nf3 Bg7 6. Bb5+ Nbd7 7. a4 0-0 8. 0-0 Ne8 9. Re1 Nc7 10. Bf1 a6 11. Bf4 Nf6 12. h3 Bd7 13. e5 Nfe8 14. a5 Bb5 15. Qd2 Bxf1 16. Kxf1 dxe5 17. Bxe5 e6 18. Bxg7 Kxg7 19. dxe6 Nxe6 20. Nd5 Nf6 21. c4 Nxd5 22. cxd5 Nc7 23. Qc3+ Kg8 24. Qxc5 Rc8 25. Rad1 Nb5 26. Qb4 Qf6 27. d6 Rc2 28. d7 Qd8 29. Qe7 Nc7 30. Ng5 Ne6 31. Rxe6 Rxf2+ 32. Kg1 1-0

[Event "Hamburg-ch"]
[Site "Hamburg"]
[Date "1996.??.??"]
[Round "5"]
[White "Kunsztowicz, Uwe Wilhelm"]
[Black "Maahs, Erich"]
[Result "0-1"]
[WhiteElo "2355"]
[BlackElo "2250"]
[PlyCount "100"]
[EventDate "1996.??.??"]
[EventType "swiss"]
[EventRounds "9"]
[EventCountry "GER"]
[SourceTitle "EXT 2014"]
[Source "ChessBase"]
[SourceDate "2013.11.20"]
[SourceVersion "1"]
[SourceVersionDate "2013.11.20"]
[SourceQuality "1"]

1. c4 Nc6 2. g3 e5 3. Bg2 f5 4. Nc3 Nf6 5. e3 Bb4 6. Nd5 0-0 7. a3 Be7 8. Ne2 a5 9. 0-0 d6 10. d3 Kh8 11. Bd2 Nb8 12. b4 c6 13. Nxe7 Qxe7 14. Nc3 Be6 15. b5 e4 16. bxc6 bxc6 17. c5 exd3 18. cxd6 Qxd6 19. a4 Na6 20. e4 Nb4 21. Rc1 Rad8 22. Bf4 Qd7 23. Qd2 fxe4 24. Nxe4 Nxe4 25. Bxe4 Bf5 26. Bxf5 Qxf5 27. Rfe1 Rd5 28. Rc4 Nc2 29. Ree4 c5 30. Be3 Nxe3 31. Rxe3 Rfd8 32. Rf4 Qg6 33. Rfe4 h6 34. Re6 Qf5 35. R6e4 Kh7 36. Rf4 Qg6 37. Ree4 R8d7 38. h3 Qd6 39. Kh2 Re5 40. Rxe5 Qxe5 41. Rc4 Rd4 42. Rc1 c4 43. Re1 Qf6 44. Kg1 Rd5 45. Rc1 Qd4 46. Kf1 Rc5 47. Rc3 Re5 48. Rc1 Re2 49. Qf4 Qxf4 50. gxf4 Rc2 0-1

[Event "Wichern op 3rd"]
[Site "Hamburg"]
[Date "1995.??.??"]
[Round "1"]
[White "Kunsztowicz, Uwe Wilhelm"]
[Black "Bartosik, Olimpia"]
[Result "1-0"]
[WhiteElo "2315"]
[BlackElo "2110"]
[PlyCount "89"]
[EventDate "1995.09.??"]
[EventType "swiss"]
[EventRounds "9"]
[EventCountry "GER"]
[SourceTitle "EXT 1997"]
[Source "ChessBase"]
[SourceDate "1996.11.15"]
[SourceVersion "1"]
[SourceVersionDate "1996.11.15"]
[SourceQuality "1"]

1. g3 d5 2. Bg2 g6 3. c4 c6 4. Nf3 Bg7 5. 0-0 Nf6 6. cxd5 cxd5 7. d4 0-0 8. Nc3 Nc6 9. Ne5 e6 10. Nxc6 bxc6 11. Bf4 Nh5 12. Bc1 e5 13. dxe5 Bxe5 14. Bh6 Ng7 15. Qa4 Qb6 16. Rab1 Rb8 17. h4 Rd8 18. Bf4 Bxf4 19. Qxf4 Nh5 20. Qf3 Bf5 21. Rbc1 Nf6 22. b3 Qa5 23. Qf4 Rb4 24. Qd2 d4 25. Rfd1 Rdb8 26. Na4 Ne4 27. Bxe4 Bxe4 28. a3 Qf5 29. Qf4 Qxf4 30. gxf4 R4b5 31. Rxd4 Bf5 32. b4 Rd5 33. Rxd5 cxd5 34. Rc7 Re8 35. Kf1 d4 36. Rxa7 Bh3+ 37. Kg1 Rxe2 38. b5 Bf5 39. f3 d3 40. b6 d2 41. Nc3 Re1+ 42. Kf2 Rb1 43. b7 Kg7 44. Ke3 Rb2 45. Nd1 1-0

[Event "Wichern op 3rd"]
[Site "Hamburg"]
[Date "1995.??.??"]
[Round "4"]
[White "Kunsztowicz, Uwe Wilhelm"]
[Black "Bischoff, Klaus"]
[Result "1/2-1/2"]
[WhiteElo "2315"]
[BlackElo "2550"]
[PlyCount "52"]
[EventDate "1995.09.??"]
[EventType "swiss"]
[EventRounds "9"]
[EventCountry "GER"]
[SourceTitle "EXT 1997"]
[Source "ChessBase"]
[SourceDate "1996.11.15"]
[SourceVersion "1"]
[SourceVersionDate "1996.11.15"]
[SourceQuality "1"]

1. g3 Nf6 2. Bg2 d5 3. c4 e6 4. Nf3 Be7 5. 0-0 0-0 6. d4 Nbd7 7. b3 c6 8. Bb2 b5 9. Ne5 Bb7 10. Nd2 bxc4 11. bxc4 Nxe5 12. dxe5 Nd7 13. cxd5 cxd5 14. Qa4 Nc5 15. Qg4 Qa5 16. Nb3 Qa4 17. Bf3 Qxg4 18. Bxg4 Na4 19. Bd4 Ba3 20. f4 g6 21. Na5 Ba6 22. Rf3 Bb2 23. Bxb2 Nxb2 24. Rc3 Rfc8 25. Rac1 Nc4 26. Nb3 Nb6 1/2-1/2

[Event "Wichern op 3rd"]
[Site "Hamburg"]
[Date "1995.??.??"]
[Round "3"]
[White "Kunsztowicz, Uwe Wilhelm"]
[Black "Farago, Ivan"]
[Result "1/2-1/2"]
[WhiteElo "2315"]
[BlackElo "2520"]
[PlyCount "105"]
[EventDate "1995.09.??"]
[EventType "swiss"]
[EventRounds "9"]
[EventCountry "GER"]
[SourceTitle "EXT 1997"]
[Source "ChessBase"]
[SourceDate "1996.11.15"]
[SourceVersion "1"]
[SourceVersionDate "1996.11.15"]
[SourceQuality "1"]

1. g3 d5 2. Bg2 c6 3. c4 dxc4 4. Na3 Be6 5. Qc2 Na6 6. Nxc4 g6 7. Nf3 Bg7 8. 0-0 Nh6 9. Ng5 Bd5 10. e4 Nb4 11. Qb3 Bxc4 12. Qxc4 Nd3 13. Rb1 0-0 14. Nf3 Ng4 15. b3 Qd6 16. Ba3 Qd7 17. Bh3 h5 18. Bxe7 Rfe8 19. Bg5 b5 20. Qc2 Nb4 21. Qc5 Rxe4 22. d4 Bxd4 23. Nxd4 Qxd4 24. Qxd4 Rxd4 25. Bg2 Re8 26. h3 f6 27. Bc1 Ne5 28. Be3 Rd7 29. Rbc1 Nd5 30. Bd4 Re6 31. Rfd1 Nb4 32. Bxe5 Rxd1+ 33. Rxd1 fxe5 34. a3 Nc2 35. Rd7 Nxa3 36. Be4 b4 37. Rxa7 Kf8 38. Rb7 c5 39. Rc7 Nb5 40. Rxc5 Nd4 41. Rc8+ Re8 42. Rxe8+ Kxe8 43. Bxg6+ Ke7 44. Bxh5 Nxb3 45. Kf1 Nc5 46. Ke2 b3 47. Bg6 e4 48. Kd2 Kf6 49. Bh7 Kg7 50. Bf5 Kf6 51. Bh7 Kg7 52. Bf5 Kf6 53. Bh7 1/2-1/2

[Event "Hamburg-ch"]
[Site "Hamburg"]
[Date "1995.??.??"]
[Round "8"]
[White "Kunsztowicz, Uwe Wilhelm"]
[Black "Voigt, Martin"]
[Result "1-0"]
[WhiteElo "2315"]
[BlackElo "2260"]
[PlyCount "73"]
[EventDate "1995.??.??"]
[EventType "swiss"]
[EventRounds "9"]
[EventCountry "GER"]
[SourceTitle "EXT 2014"]
[Source "ChessBase"]
[SourceDate "2013.11.20"]
[SourceVersion "1"]
[SourceVersionDate "2013.11.20"]
[SourceQuality "1"]

1. c4 e6 2. g3 Nf6 3. Bg2 d5 4. Nf3 Be7 5. 0-0 Nbd7 6. b3 0-0 7. d4 c6 8. Bb2 b6 9. Nbd2 Ba6 10. Re1 Rc8 11. e4 c5 12. e5 Ne8 13. cxd5 exd5 14. Nf1 c4 15. bxc4 Bxc4 16. a4 a6 17. Ne3 b5 18. axb5 axb5 19. Bh3 Nc7 20. Nd2 Rb8 21. Ndxc4 bxc4 22. Bc3 Rb3 23. Ba5 Nb6 24. Rb1 Rd3 25. Qg4 Nba8 26. Nf5 g6 27. Nxe7+ Qxe7 28. Bb4 Qd8 29. Bxf8 Qxf8 30. Red1 Rb3 31. Qd7 Qb4 32. Ra1 c3 33. e6 c2 34. Qxf7+ Kh8 35. Qf6+ Kg8 36. Rdc1 Rb1 37. e7 1-0

[Event "Hamburg-ch"]
[Site "Hamburg"]
[Date "1995.??.??"]
[Round "1"]
[White "Schulz, Hans Juergen"]
[Black "Kunsztowicz, Uwe Wilhelm"]
[Result "0-1"]
[WhiteElo "2245"]
[BlackElo "2315"]
[PlyCount "68"]
[EventDate "1995.??.??"]
[EventType "swiss"]
[EventRounds "9"]
[EventCountry "GER"]
[SourceTitle "EXT 2014"]
[Source "ChessBase"]
[SourceDate "2013.11.20"]
[SourceVersion "1"]
[SourceVersionDate "2013.11.20"]
[SourceQuality "1"]

1. e4 c5 2. b4 cxb4 3. Bb2 d5 4. exd5 Qxd5 5. d4 Nf6 6. c4 Qd8 7. a3 e6 8. axb4 Bxb4+ 9. Nd2 Ne4 10. Ngf3 Qf6 11. Qe2 Nxd2 12. Nxd2 Nc6 13. Qe3 0-0 14. 0-0-0 e5 15. dxe5 Qg6 16. Nf3 Be7 17. Ba3 Bxa3+ 18. Qxa3 Be6 19. Bd3 Bf5 20. Be2 a5 21. Qe3 Bg4 22. Bd3 Qh5 23. Rde1 Nb4 24. Bb1 Rac8 25. Ng5 h6 26. h4 Rxc4+ 27. Kb2 Rfc8 28. f3 Rc2+ 29. Kb3 hxg5 30. fxg4 Qxg4 31. Qe4 R8c3+ 32. Ka4 Qd7+ 33. Kxa5 Ra3+ 34. Kxb4 Qa4# 0-1

[Event "Hamburg-ch"]
[Site "Hamburg"]
[Date "1993.??.??"]
[Round "?"]
[White "Kunsztowicz, Uwe Wilhelm"]
[Black "Dankert, Peter"]
[Result "1-0"]
[WhiteElo "2310"]
[BlackElo "2275"]
[PlyCount "61"]
[EventDate "1993.??.??"]
[EventType "swiss"]
[EventRounds "9"]
[EventCountry "GER"]
[SourceTitle "CBM 035 Extra"]
[Source "ChessBase"]
[SourceDate "1993.09.01"]
[SourceVersion "1"]
[SourceVersionDate "1993.09.01"]
[SourceQuality "1"]

1. c4 c5 2. g3 e6 3. Nf3 d5 4. cxd5 exd5 5. d4 Nc6 6. Bg2 Nf6 7. 0-0 Be7 8. dxc5 Bxc5 9. b3 0-0 10. Nc3 h6 11. Bb2 Re8 12. Na4 Bf8 13. Nd4 Ne4 14. e3 Bd7 15. Ne2 Ne7 16. Nac3 Nxc3 17. Nxc3 Be6 18. Qd3 Qd7 19. Rfd1 Rad8 20. Qb5 a6 21. Qa4 Qc8 22. Rac1 b5 23. Qa5 Qb7 24. Ne2 Nc6 25. Qe1 Bb4 26. Qf1 Ne7 27. Nf4 Bf5 28. Qe2 Ba5 29. Qh5 Be6 30. e4 Qd7 31. Qe5 1-0

[Event "Oberliga Nord N 9293"]
[Site "Germany"]
[Date "1993.??.??"]
[Round "?"]
[White "Kunsztowicz, Uwe Wilhelm"]
[Black "Dreyer, Michael"]
[Result "1-0"]
[WhiteElo "2330"]
[BlackElo "2225"]
[PlyCount "97"]
[EventDate "1992.10.??"]
[EventType "team"]
[EventRounds "9"]
[EventCountry "GER"]
[SourceTitle "EXT 1997"]
[Source "ChessBase"]
[SourceDate "1996.11.15"]
[SourceVersion "1"]
[SourceVersionDate "1996.11.15"]
[SourceQuality "1"]

1. g3 Nf6 2. Bg2 c6 3. c4 d6 4. Nc3 e5 5. Nf3 Be7 6. 0-0 0-0 7. e4 Be6 8. b3 c5 9. Ng5 Bg4 10. f3 Bd7 11. d3 Nc6 12. f4 Nd4 13. f5 b5 14. Nh3 h6 15. Be3 b4 16. Ne2 Bc6 17. Nf2 Nd7 18. h4 a5 19. Ng4 Nf6 20. Nh2 Ra6 21. Nxd4 cxd4 22. Bd2 Nd7 23. Nf3 Nc5 24. Be1 Qb6 25. g4 a4 26. Rb1 axb3 27. axb3 g5 28. hxg5 hxg5 29. Nxe5 dxe5 30. f6 Bd6 31. Qf3 Rfa8 32. Qh3 Ne6 33. Bd2 Ra2 34. Rf2 Qd8 35. Rbf1 Bf8 36. Qh5 Nf4 37. Bxf4 gxf4 38. Qg5+ Kh7 39. Rf3 Bh6 40. Rh3 Qf8 41. Qf5+ Kg8 42. g5 Qc8 43. Qxc8+ Rxc8 44. Rxh6 Rd2 45. Bh3 Re8 46. Rf3 Rd1+ 47. Bf1 Bd7 48. Rf2 Kf8 49. Rh8# 1-0

[Event "Hamburg-ch"]
[Site "Hamburg"]
[Date "1993.??.??"]
[Round "?"]
[White "Kunsztowicz, Uwe Wilhelm"]
[Black "Hegeler, Frank"]
[Result "0-1"]
[WhiteElo "2310"]
[BlackElo "2215"]
[PlyCount "156"]
[EventDate "1993.??.??"]
[EventType "swiss"]
[EventRounds "9"]
[EventCountry "GER"]
[SourceTitle "CBM 035 Extra"]
[Source "ChessBase"]
[SourceDate "1993.09.01"]
[SourceVersion "1"]
[SourceVersionDate "1993.09.01"]
[SourceQuality "1"]

1. g3 g6 2. Bg2 Bg7 3. d4 f5 4. Nf3 Nf6 5. 0-0 0-0 6. c4 d6 7. Nc3 c6 8. d5 e5 9. dxe6 Bxe6 10. b3 Na6 11. Bb2 Qe7 12. Qc2 d5 13. cxd5 Nb4 14. Qc1 Nfxd5 15. Na4 Bxb2 16. Qxb2 Rad8 17. a3 Na6 18. Nd4 Bf7 19. e3 Qe5 20. Qc1 Nb6 21. Nf3 Qa5 22. Nxb6 Qxb6 23. b4 c5 24. b5 Nc7 25. a4 Bd5 26. h4 Qd6 27. h5 b6 28. Rd1 Qf6 29. hxg6 hxg6 30. Qc2 Be4 31. Qa2+ Kg7 32. Nh4 Bxg2 33. Nxg2 Nd5 34. Re1 Nc3 35. Qc4 Rd6 36. a5 Rfd8 37. Nf4 Ne4 38. axb6 axb6 39. Ra7+ R8d7 40. Ne6+ Kh6 41. Rxd7 Rxd7 42. Kg2 g5 43. Rh1+ Kg6 44. g4 Re7 45. Qd5 Nd6 46. Nf8+ Kg7 47. Nh7 Qe5 48. Qxe5+ Rxe5 49. Nxg5 fxg4 50. Rd1 Nxb5 51. Rd7+ Kg6 52. Nf7 Re6 53. Kg3 c4 54. Kxg4 Kf6 55. Ng5 Re7 56. Rd8 Rc7 57. Rb8 Ke7 58. Rxb6 c3 59. Rxb5 c2 60. Re5+ Kd6 61. f4 c1Q 62. e4 Rc5 63. Nf7+ Kd7 64. Kf5 Rxe5+ 65. Nxe5+ Kd6 66. Ng6 Qb1 67. Ne5 Qc2 68. Ng6 Qc8+ 69. Kg5 Qh3 70. Ne5 Qe6 71. Kh5 Qg8 72. Ng6 Qe8 73. e5+ Ke6 74. Kg5 Qd8+ 75. Kg4 Qd1+ 76. Kg5 Qg1+ 77. Kh6 Kf5 78. Nh4+ Kxf4 0-1

[Event "Oberliga Nord N 9293"]
[Site "Germany"]
[Date "1993.??.??"]
[Round "?"]
[White "Kunsztowicz, Uwe Wilhelm"]
[Black "Storm, Roland"]
[Result "1/2-1/2"]
[WhiteElo "2310"]
[BlackElo "2300"]
[PlyCount "133"]
[EventDate "1992.10.??"]
[EventType "team"]
[EventRounds "9"]
[EventCountry "GER"]
[SourceTitle "EXT 1997"]
[Source "ChessBase"]
[SourceDate "1996.11.15"]
[SourceVersion "1"]
[SourceVersionDate "1996.11.15"]
[SourceQuality "1"]

1. g3 d5 2. Bg2 e6 3. Nf3 Bd6 4. 0-0 f5 5. c4 c6 6. d3 Nf6 7. Nc3 Bc7 8. b4 0-0 9. Qb3 h6 10. cxd5 exd5 11. Ba3 Re8 12. Rad1 Be6 13. Nd4 Bf7 14. e3 Nbd7 15. Qc2 g6 16. Na4 Be5 17. Nb3 Rc8 18. Bc1 Kh7 19. e4 fxe4 20. dxe4 dxe4 21. Nac5 Bd5 22. Qd2 Ng8 23. Nxd7 Qxd7 24. Bxe4 Qe7 25. Bxd5 cxd5 26. Qxd5 Qxb4 27. a3 Qe7 28. Rfe1 Rcd8 29. Qb5 Rxd1 30. Rxd1 Bg7 31. Na5 b6 32. Nc6 Qf7 33. Bf4 Re6 34. Nd8 Qe8 35. Qxe8 Rxe8 36. Nc6 g5 37. Be3 Kg6 38. Nxa7 Bb2 39. Rd6+ Kf5 40. Nb5 Ra8 41. Rd2 Be5 42. Ra2 Ne7 43. Bxb6 Nd5 44. Bc5 Ra4 45. Rd2 Nf6 46. Nd4+ Ke4 47. f3+ Kd5 48. Nb3+ Kc4 49. Bf8 Kxb3 50. Bxh6 g4 51. Kg2 Bc3 52. Re2 Rxa3 53. fxg4 Nxg4 54. Bg5 Ra5 55. h4 Rf5 56. Re4 Ne5 57. Rf4 Rf7 58. h5 Rh7 59. Rh4 Nf7 60. Be3 Be5 61. h6 Kc3 62. Rh1 Kd3 63. Kf3 Bxg3 64. Rd1+ Kc2 65. Rd2+ Kc3 66. Kxg3 Nxh6 67. Bxh6 1/2-1/2

[Event "Oberliga Nord N 9293"]
[Site "Germany"]
[Date "1993.??.??"]
[Round "?"]
[White "Kunsztowicz, Uwe Wilhelm"]
[Black "Voigt, Martin"]
[Result "1-0"]
[WhiteElo "2310"]
[BlackElo "2305"]
[PlyCount "59"]
[EventDate "1992.10.??"]
[EventType "team"]
[EventRounds "9"]
[EventCountry "GER"]
[SourceTitle "EXT 1997"]
[Source "ChessBase"]
[SourceDate "1996.11.15"]
[SourceVersion "1"]
[SourceVersionDate "1996.11.15"]
[SourceQuality "1"]

1. Nf3 Nf6 2. b3 d5 3. Bb2 c6 4. g3 e6 5. Bg2 Be7 6. 0-0 0-0 7. d4 Nbd7 8. c4 b6 9. Nbd2 Ba6 10. e3 Rc8 11. Qe2 c5 12. Rac1 Qc7 13. Rfd1 Qb8 14. Ne5 cxd4 15. exd4 Nxe5 16. dxe5 Nd7 17. Qh5 dxc4 18. Ne4 Rfd8 19. bxc4 Rxc4 20. Rxc4 Bxc4 21. Nd6 Nxe5 22. Bxe5 Bxd6 23. Qg5 f6 24. Bxf6 Rd7 25. Be5 Qf8 26. Qd2 Bxe5 27. Qxd7 Bxa2 28. Bh3 Bf6 29. Rc1 Qe7 30. Qc8+ 1-0

[Event "Wichern op 2nd"]
[Site "Hamburg"]
[Date "1993.??.??"]
[Round "8"]
[White "Kunsztowicz, Uwe Wilhelm"]
[Black "Wojtkiewicz, Aleksander"]
[Result "0-1"]
[WhiteElo "2310"]
[BlackElo "2570"]
[PlyCount "78"]
[EventDate "1993.10.??"]
[EventType "swiss"]
[EventRounds "9"]
[EventCountry "GER"]
[SourceTitle "EXT 1997"]
[Source "ChessBase"]
[SourceDate "1996.11.15"]
[SourceVersion "1"]
[SourceVersionDate "1996.11.15"]
[SourceQuality "1"]

1. g3 g6 2. Bg2 Bg7 3. d4 d6 4. c4 Nf6 5. Nc3 0-0 6. Nf3 Nbd7 7. 0-0 e5 8. e4 c6 9. Rb1 exd4 10. Nxd4 Re8 11. h3 Nc5 12. Re1 a5 13. Bf4 Nh5 14. Be3 a4 15. b4 axb3 16. axb3 Nf6 17. Qc2 Bd7 18. b4 Ne6 19. Nde2 Qc7 20. Qd2 Red8 21. Red1 Be8 22. f4 h5 23. f5 Nf8 24. Bf4 Qb6+ 25. Kh1 gxf5 26. exf5 d5 27. Bh6 N8h7 28. Bxg7 Kxg7 29. c5 Qc7 30. Qd4 Bd7 31. Nf4 Kg8 32. g4 hxg4 33. hxg4 Re8 34. Re1 Nxg4 35. Bh3 Bxf5 36. Rg1 Re4 37. Rxg4+ Bxg4 38. Nxe4 Bf3+ 39. Ng2 dxe4 0-1

[Event "Oberliga Nord N 9293"]
[Site "Germany"]
[Date "1993.??.??"]
[Round "?"]
[White "Neukirch, Detlef"]
[Black "Kunsztowicz, Uwe Wilhelm"]
[Result "1/2-1/2"]
[WhiteElo "2320"]
[BlackElo "2330"]
[PlyCount "94"]
[EventDate "1992.10.??"]
[EventType "team"]
[EventRounds "9"]
[EventCountry "GER"]
[SourceTitle "EXT 1997"]
[Source "ChessBase"]
[SourceDate "1996.11.15"]
[SourceVersion "1"]
[SourceVersionDate "1996.11.15"]
[SourceQuality "1"]

1. e4 c5 2. Nf3 g6 3. d4 Bg7 4. Nc3 Nf6 5. dxc5 0-0 6. Bc4 Qa5 7. 0-0 Qxc5 8. Qe2 d6 9. h3 Nc6 10. Be3 Qh5 11. Nd2 Qxe2 12. Nxe2 Rd8 13. Nf4 e6 14. Bb3 d5 15. exd5 exd5 16. Nd3 Ne4 17. Rad1 Bf5 18. g4 Nxd2 19. Rxd2 Be4 20. f3 Bxd3 21. Rxd3 Nb4 22. Rdd1 Bxb2 23. Bd4 Bxd4+ 24. Rxd4 Nc6 25. Rxd5 Rxd5 26. Bxd5 Nb4 27. Bxb7 Rb8 28. Be4 Nxa2 29. Ra1 Rb2 30. c4 Nc3 31. Bd3 Rd2 32. Bf1 Rd7 33. Kf2 Kf8 34. c5 Rc7 35. Ra5 Nd5 36. Bc4 Nb4 37. Ke3 Re7+ 38. Kf4 f6 39. h4 Kg7 40. Rb5 Nc6 41. Rb2 Ne5 42. Ba6 Rc7 43. Rc2 Nc6 44. Rc4 Ne5 45. Rc2 Nc6 46. Rc4 Ne5 47. Rc2 Nc6 1/2-1/2

[Event "Cuxhaven op 2nd"]
[Site "Cuxhaven"]
[Date "1992.04.12"]
[Round "3"]
[White "Kunsztowicz, Uwe Wilhelm"]
[Black "Hertel, Peter"]
[Result "0-1"]
[WhiteElo "2330"]
[BlackElo "2215"]
[PlyCount "68"]
[EventDate "1992.04.11"]
[EventType "swiss"]
[EventRounds "9"]
[EventCountry "GER"]
[SourceTitle "EXT 2013"]
[Source "ChessBase"]
[SourceDate "2012.11.22"]
[SourceVersion "1"]
[SourceVersionDate "2012.11.22"]
[SourceQuality "1"]

1. g3 Nf6 2. Bg2 g6 3. d4 Bg7 4. c4 0-0 5. Nc3 d6 6. Nf3 Nbd7 7. 0-0 e5 8. e4 c6 9. Rb1 exd4 10. Nxd4 Ng4 11. Nce2 a5 12. h3 Ngf6 13. Bf4 Qe7 14. Nc3 Rd8 15. Qd2 Ne5 16. Qe2 Nfd7 17. Rfd1 Nc5 18. Nb3 Be6 19. Nxc5 dxc5 20. b3 Nxc4 21. Nd5 Bxd5 22. bxc4 Be6 23. e5 Bf5 24. Rb6 Rxd1+ 25. Qxd1 Rd8 26. Qb3 Bc8 27. Qe3 Re8 28. Rb1 Bxe5 29. Bxe5 Qxe5 30. Qa3 Qd4 31. Bf1 Bf5 32. Rxb7 Re1 33. Qxa5 Rxf1+ 34. Kxf1 Qd1+ 0-1